000 00471nam a22001217a 4500
999 _c21541
_d21541
008 240912b ||||| |||| 00| 0 eng d
100 _aLubiano, Michael Leonard D.
_eauthor.
_960809
245 _aWhos's who in human learning /
_cMichael Leonard D. Lubiano.
260 _aPhilippines;
_bPublishers Association of the Philippines, Inc.,
_cJanuary 2020.
300 _aVolume 168, pages 271-272.
700 _aLubiano, Michael Leonard D.
_eauthor.
_960809
942 _2ddc
_cPER